New Calendar Graphics (Record no. 11229)

MARC details
000 -CABECERA
campo de control de longitud fija 00330nam a2200133 4500
005 - FECHA Y HORA DE LA ÚLTIMA TRANSACCIÓN
campo de control 20260530113844.0
100 1# - ENTRADA PRINCIPAL--NOMBRE DE PERSONA
Nombre de persona P·I·E BOOKS
9 (RLIN) 30554
245 10 - MENCIÓN DE TÍTULO
Título New Calendar Graphics
264 #1 - PRODUCCIÓN, PUBLICACIÓN, DISTRIBUCIÓN, FABRICACIÓN Y COPYRIGHT
Nombre del de productor, editor, distribuidor, fabricante P·I·E BOOKS
Fecha de producción, publicación, distribución, fabricación o copyright 2003
300 ## - DESCRIPCIÓN FÍSICA
Extensión 224 páginas
336 ## - TIPO DE CONTENIDO
Término de tipo de contenido texto
Fuente rdacontent
337 ## - TIPO DE MEDIO
Nombre/término del tipo de medio sin medio
Fuente rdamedia
338 ## - TIPO DE SOPORTE
Nombre/término del tipo de soporte volumen
Fuente rdacarrier

No items available.